| 000 | 00509nam a2200169Ia 4500 | ||
|---|---|---|---|
| 005 | 20250424120257.0 | ||
| 008 | 250424s9999 xx 000 0 und d | ||
| 022 | _a1595922915 | ||
| 050 | _aGE 320.N6 .E58/ | ||
| 245 | 0 | _aJournal of environmental design | |
| 260 | _aOyo State, Nigeria. | ||
| 260 | _bParvenu technologies | ||
| 260 | _c2019 | ||
| 300 | _avi, 199 p. :ill. ; 28 cm. | ||
| 650 | _aEnvironmental management--Nigeria--Periodicals. Nigeria--Environmental policy--Periodicals. | ||
| 942 | _cSR | ||
| 999 |
_c38397 _d38397 |
||